Estudios sobre el primer título del edicto pretorio.
Zapisane w:
| 1. autor: | |
|---|---|
| Format: | Książka |
| Język: | hiszpański |
| Wydane: |
Santiago de Compostela, España:
Universidade de Santiago de Compostela,
1992- 1993.
|
| Seria: | Cuadernos Compostelanos de Derecho Romano,
5,6,7. |
| Hasła przedmiotowe: | |
| Etykiety: |
Dodaj etykietę
Nie ma etykietki, Dołącz pierwszą etykiete!
|
MARC
| LEADER | 00000nam a2200000 a 4500 | ||
|---|---|---|---|
| 001 | UCV3555 | ||
| 003 | CL-VaPUC | ||
| 005 | 20220822114321.0 | ||
| 008 | 930906e19920000SP |||||||||||||||||spa|d | ||
| 999 | |c 210719 |d 210717 | ||
| 040 | |c Pontificia Universidad Católica de Valparaíso | ||
| 082 | 0 | 4 | |a 340.54 DOM 1992 (v.I) |2 21 |
| 082 | 0 | 4 | |a 340.54 DOM 1993 (v.II) |2 21 |
| 082 | 0 | 4 | |a 340.54 DOM 1995 (v.III) |
| 100 | |a Domingo, Rafael |e autor |9 297799 | ||
| 245 | 1 | 0 | |a Estudios sobre el primer título del edicto pretorio. |
| 260 | |a Santiago de Compostela, España: |b Universidade de Santiago de Compostela, |c 1992- 1993. | ||
| 300 | |a 3 Volúmenes. | ||
| 490 | 0 | |a Cuadernos Compostelanos de Derecho Romano, |v 5,6,7. | |
| 500 | |a c.1 Volumen II: Donación Familia Prof. Alejandro Guzmán Brito. | ||
| 505 | |a v.I: El edicto por desacato al decreto del magistrado municipal. v.II: El edicto de competencia jurisdiccional. v.III: Palingenesia y reconstrucción. | ||
| 583 | |a last modification |c 19930906 00:00:00 |k Rodrigo Vera | ||
| 650 | 0 | |a Derecho romano |9 255930 | |
| 942 | |c BK |2 ddc |n 0 | ||
| 945 | |d 19930906 00:00:00 | ||
| 952 | |0 0 |1 0 |4 0 |6 340_540000000000000_DOM_1992 |7 0 |8 DER_ROM |9 187174 |a BIBDER |b BIBDER |d 2019-11-14 |h v.1 |i 2548712 |o 340.54 DOM 1992 |p 2548712 |r 2023-01-25 |w 2019-11-14 |x Ubicación 4to piso |y BK |z Este recurso debe solicitarse con anticipación |k DER | ||
| 952 | |0 0 |1 0 |2 ddc |4 0 |6 340_540000000000000_DOM_1995 |7 0 |8 DER_ROM |9 187175 |a BIBDER |b BIBDER |d 2019-11-14 |h v.3 |i 3242048 |o 340.54 DOM 1995 |p 3242048 |r 2023-01-25 |w 2019-11-14 |x Ubicación 4to piso |y BK |z Este recurso debe solicitarse con anticipación |k DER | ||
| 952 | |0 0 |1 0 |2 ddc |4 0 |6 340_540000000000000_DOM_1995 |7 0 |8 DER_ROM |9 187176 |a BIBDER |b BIBDER |d 2019-11-14 |h v.3 |i 1894218 |o 340.54 DOM 1995 |p 1894218 |r 2023-01-25 |w 2019-11-14 |x Ubicación 4to piso |y BK |z Este recurso debe solicitarse con anticipación |k DER | ||
| 952 | |0 0 |1 0 |2 ddc |4 0 |6 340_540000000000000_DOM_1993 |7 1 |8 C_AGB |9 581991 |a BIBDER |b BIBDER |d 2022-03-21 |e Donación |h v.II |i 5650268 |o 340.54 DOM 1993 |p 5650268 |r 2023-01-25 |w 2022-03-21 |y BK_US |k AGB | ||